000 00555nam a2200205Ia 4500
005 20250923144905.0
008 008 250917s9999 xx 000 0 eng d
037 _aTextual
040 _aDSWL
_beng
_cDSWL
041 _aeng
_2eng
084 _aY15.2z7, K4
_qDSWL
100 _aLohia, Rammanohar
_9829477
245 4 _aThe caste system
_cby Rammanohar Lohia
260 _aHyderabad
_bNavahind
_c1964
300 _a147p.
365 _aINR
_b10
925 _g10
942 _cTEXL
_hY15.2z7, K4
999 _c1444624
_d1444624